| 000 | 01051nam a2200301Ia 4500 | ||
|---|---|---|---|
| 003 | GCL | ||
| 008 | 140319s9999 xx 000 0 ara d | ||
| 040 |
_aGCL / _cGCL |
||
| 082 | 0 | 4 |
_a301.412 _bع م |
| 100 | 1 |
_aعلياء على شكرى _vContributor _@ _٠شار٠|
|
| 245 | 1 | 0 |
_aالمرأة فى الريف والحضر / _cعلياء على شكرى |
| 700 | 1 | _aاحمد زايد | |
| 700 | 1 | _aحسن الخولى | |
| 260 |
_aالقاهرة : _bدار المعرفة الجامعية ، _c1988 |
||
| 300 |
_a519 ص ؛ _c24 سم |
||
| 490 |
_aسلسلة علم الاجتماع المعاصر _v70 |
||
| 650 | 0 | 4 | _aالرعاية الصحية |
| 650 | 0 | 4 | _aالعادات والتقاليد |
| 650 | 0 | 4 | _aالمرأة |
| 650 | 0 | 4 | _aالمرأة فى الحياة العامة |
| 650 | 0 | 4 | _aالمرأة العاملة |
| 650 | 0 | 4 | _aالزواج |
| 650 | 0 | 4 | _aتعليم المراة |
| 650 | 0 | 4 | _aالمدن والقرى |
| 650 | 0 | 4 | _aالمرأة فى الزراعة |
| 650 | 0 | 4 | _aالارامل |
| 942 |
_2ddc _cBK |
||
| 999 |
_c29906 _d29906 |
||